000 00728nam a22002297a 4500
003 BUBTL
008 221114b ||||| |||| 00| 0 eng d
020 _a9847002100120
082 _a822.33/ Sh152h/ 2014
100 _91992
_aShakespeare, William
245 _aAs You Like It/
_cWilliam Shakespeare
250 _a1st Edn.
260 _aDhaka:
_bAlbatross Classics,
_cc2014
300 _axlix, 142 p.:
_c20 cm.
440 _94878
_aAlbatross Classics
505 _aAs You Like It, William Shakespeare, Albatross Classics, Shakespeare, English
650 0 _91994
_aEnglish Literature
700 _94879
_aAlam, Mohit Ul
856 _k0
_l0
_yDownload
942 _2ddc
_cBK
999 _c6779
_d6779